Moonlight cove : (Record no. 110841)
[ view plain ]
| 000 -LEADER | |
|---|---|
| fixed length control field | 01440cam a2200373Ma 4500 |
| 001 - CONTROL NUMBER | |
| control field | ocn723840060 |
| 003 - CONTROL NUMBER IDENTIFIER | |
| control field | OCoLC |
| 005 - DATE AND TIME OF LATEST TRANSACTION | |
| control field | 20241220140941.0 |
| 008 - FIXED-LENGTH DATA ELEMENTS--GENERAL INFORMATION | |
| fixed length control field | 110516s2011 onc e 000 1 eng |
| 040 ## - CATALOGING SOURCE | |
| Original cataloging agency | AU@ |
| Language of cataloging | eng |
| Transcribing agency | AU@ |
| Modifying agency | OCLCQ |
| -- | CNLBP |
| -- | KLP |
| -- | OCLCF |
| -- | OCLCO |
| -- | UINTA |
| 020 ## - INTERNATIONAL STANDARD BOOK NUMBER | |
| International Standard Book Number | 9780778329794 (pbk.) |
| 020 ## - INTERNATIONAL STANDARD BOOK NUMBER | |
| International Standard Book Number | 0778329798 (pbk.) |
| 029 0# - (OCLC) | |
| OCLC library identifier | AU@ |
| System control number | 000046956742 |
| 035 ## - SYSTEM CONTROL NUMBER | |
| System control number | (OCoLC)723840060 |
| 043 ## - GEOGRAPHIC AREA CODE | |
| Geographic area code | n-us-md |
| -- | n-us-va |
| 050 #4 - LIBRARY OF CONGRESS CALL NUMBER | |
| Classification number | PS3573.O6418 |
| Item number | M66 2011b |
| 082 04 - DEWEY DECIMAL CLASSIFICATION NUMBER | |
| Classification number | 813/.54 |
| Edition number | 22 |
| 049 ## - LOCAL HOLDINGS (OCLC) | |
| Holding library | UCLB |
| 092 ## - LOCALLY ASSIGNED DEWEY CALL NUMBER (OCLC) | |
| Classification number | WOODS |
| 100 1# - MAIN ENTRY--PERSONAL NAME | |
| Personal name | Woods, Sherryl. |
| 9 (RLIN) | 23023 |
| 245 10 - TITLE STATEMENT | |
| Title | Moonlight cove : |
| Remainder of title | a Chesapeake shores novel / |
| Statement of responsibility, etc | Sherryl Woods. |
| 260 ## - PUBLICATION, DISTRIBUTION, ETC. (IMPRINT) | |
| Place of publication, distribution, etc | Ont., Canada : |
| Name of publisher, distributor, etc | Mira, |
| Date of publication, distribution, etc | 2011. |
| 300 ## - PHYSICAL DESCRIPTION | |
| Extent | 378 p. ; |
| Dimensions | 17 cm. |
| 520 ## - SUMMARY, ETC. | |
| Summary, etc | Psychologist Will Lincoln is determined to convince his childhood friend Jess O'Brien, who has overcome a lot of challenges, that he thinks of her in a romantic way, not as a psychological case study. |
| 650 #0 - SUBJECT ADDED ENTRY--TOPICAL TERM | |
| Topical term or geographic name as entry element | Bed and breakfast accommodations |
| Form subdivision | Fiction. |
| 9 (RLIN) | 5676024 |
| 651 #0 - SUBJECT ADDED ENTRY--GEOGRAPHIC NAME | |
| Geographic name | Chesapeake Bay Region (Md. and Va.) |
| Form subdivision | Fiction. |
| 9 (RLIN) | 5673668 |
| 650 #7 - SUBJECT ADDED ENTRY--TOPICAL TERM | |
| Topical term or geographic name as entry element | Bed and breakfast accommodations. |
| Source of heading or term | fast |
| -- | (OCoLC)fst00829459 |
| 9 (RLIN) | 6272686 |
| 651 #7 - SUBJECT ADDED ENTRY--GEOGRAPHIC NAME | |
| Geographic name | United States |
| Geographic subdivision | Chesapeake Bay Region. |
| Source of heading or term | fast |
| -- | (OCoLC)fst01310475 |
| 9 (RLIN) | 5697971 |
| 655 #7 - INDEX TERM--GENRE/FORM | |
| Genre/form data or focus term | Love stories. |
| Source of term | gsafd |
| 9 (RLIN) | 6272687 |
| 655 #7 - INDEX TERM--GENRE/FORM | |
| Genre/form data or focus term | Fiction. |
| Source of term | fast |
| -- | (OCoLC)fst01423787 |
| 9 (RLIN) | 5673940 |
| 942 ## - ADDED ENTRY ELEMENTS (KOHA) | |
| Koha item type | BOOK |
| 994 ## - | |
| -- | C0 |
| -- | UINTA |
| 998 ## - LOCAL CONTROL INFORMATION (RLIN) | |
| -- | a186653 |
| Withdrawn status | Lost status | Source of classification or shelving scheme | Damaged status | Not for loan | Collection code | Home library | Current library | Shelving location | Date acquired | Source of acquisition | Cost, normal purchase price | Total Checkouts | Total Renewals | Full call number | Barcode | Date last seen | Date checked out | Cost, replacement price | Price effective from | Koha item type |
|---|---|---|---|---|---|---|---|---|---|---|---|---|---|---|---|---|---|---|---|---|
| Dewey Decimal Classification | Fiction | Wasatch County Library | Wasatch County Library | First Floor | 08/27/2018 | Donation | 7.99 | 2 | 1 | F Woods | 34301001609413 | 02/16/2024 | 06/07/2023 | 7.99 | 03/20/2020 | BOOK |
